Jak dobrze znasz Władcę Pierścieni? - Statystyki

Ogólne statystyki
  • Ten quiz został rozwiązany 188 razy
  • Średni wynik to 9 z 15
Statystyki odpowiedzi
Zagadnienie Odpowiedź % Poprawnych
Ile pierścieni dostali ludzie, elfy i krasnoludy Elfy 3, ludzie 9, krasnoludy 7
90%
Jak nazywał się dom Bilba? Bag End
76%
Z której rasy pochodzą Czarni Jeźdźcy? Są to ludzie
76%
Jak nazywało się Północne królestwo? Arnor
72%
Jak nazywają się twórcy tego Świata? Walarowie
72%
Ile było pierścieni mocy\władzy? 20
69%
Ile było Er? 4
66%
Jaki przydomek miał Dain, król który rządził po bitwie pięciu armii? Żelaznostopy
66%
Jaka nazywała się stolica goblinów? Gundabad
59%
Jak nazywał się pająk, który zatruł 3 drzewa Walinoru? Ungoliata
59%
Ile lat miał Stary Took gdy umarł? 130
48%
Jak nazywała się bitwa, w której Isildur utracił pierścień? Klęska na polach Gladden.
48%
Jak nazywał się najważniejszy Walar? Manwe
48%
Które z tych królestw istniało najdłużej Moria
24%
Ile było wielkich bitew w 1 erze? 6
14%
Nie znaleziono quizów pasujących do podanych kryteriów
Rozkład punktacji
Procent ludzi z każdym wynikiem
Percentyl według liczby udzielonych odpowiedzi
Twoja historia wyników
Nie rozwiązałeś tego quizu